[Event "Belgrade-chT Quality"]
[Site "Belgrade"]
[Date "2020.11.08"]
[Round "9.5"]
[White "Vracevic, Goran"]
[Black "Stanimirovic, Milos"]
[Result "1/2-1/2"]
[WhiteElo "1787"]
[BlackElo "2044"]
[PlyCount "78"]
[EventDate "2020.10.09"]
[EventType "team-tourn"]
[EventRounds "9"]
[EventCountry "SRB"]
[SourceTitle "EXT 2022"]
[Source "ChessBase"]
[SourceDate "2021.10.06"]
[SourceVersion "1"]
[SourceVersionDate "2021.10.06"]
[SourceQuality "1"]
[WhiteTeam "Belgrade Bask"]
[BlackTeam "Belgrade Napredak"]
[WhiteTeamCountry "SRB"]
[BlackTeamCountry "SRB"]

1. e4 d5 2. exd5 Qxd5 3. d4 e5 4. dxe5 Qxd1+ 5. Kxd1 Nc6 6. Bb5 Bd7 7. Bf4 0-0-0 8. Nf3 Bh3+ 9. Nfd2 Bxg2 10. Bxc6 Bxc6 11. Re1 f6 12. Nc3 Bb4 13. h4 Ne7 14. exf6 gxf6 15. a3 Bxc3 16. Rxe7 Bxd2 17. Bxd2 Bf3+ 18. Kc1 Rd4 19. b3 Rxh4 20. Rf7 h5 21. Kb2 Rg4 22. Rxf6 Bc6 23. Rf7 Bd5 24. Rf5 Bc6 25. Bc3 Rh7 26. Rf8+ Kd7 27. Rd1+ Ke7 28. Rdd8 h4 29. Rh8 Rxh8 30. Rxh8 Bg2 31. Be5 c5 32. Rh6 c4 33. Bf6+ Kf7 34. Rxh4 Rxh4 35. Bxh4 cxb3 36. Kxb3 Ke6 37. Kc4 Kf5 38. Kd4 Bc6 39. Kc5 a6 1/2-1/2

[Event "Belgrade tt Cup"]
[Site "Belgrade"]
[Date "2012.04.18"]
[Round "1.7"]
[White "Vracevic, Goran"]
[Black "Becelic, Dejan"]
[Result "0-1"]
[WhiteElo "1788"]
[BlackElo "2084"]
[PlyCount "126"]
[EventDate "2012.04.18"]
[EventType "team-swiss"]
[EventRounds "5"]
[EventCountry "SRB"]
[SourceTitle "CBM 148 Extra"]
[Source "ChessBase"]
[SourceDate "2012.06.22"]
[SourceVersion "1"]
[SourceVersionDate "2012.06.22"]
[SourceQuality "1"]
[WhiteTeam "BASK II"]
[BlackTeam "BASK"]
[WhiteTeamCountry "SRB"]
[BlackTeamCountry "SRB"]

1. e4 e5 2. Nf3 Nc6 3. d4 exd4 4. Nxd4 Nf6 5. Nxc6 bxc6 6. Bd3 d5 7. 0-0 dxe4 8. Re1 Be7 9. Bc4 Qxd1 10. Rxd1 0-0 11. Bf4 Bg4 12. Re1 Bd6 13. Bg5 Rfe8 14. Nc3 Bf5 15. Rad1 Rab8 16. b3 Bb4 17. Bxf6 gxf6 18. Re3 Rbd8 19. Rxd8 Rxd8 20. Nxe4 Rd1+ 21. Bf1 Kg7 22. h4 h5 23. c3 Ba5 24. c4 Ra1 25. a3 Rxa3 26. Be2 Bg6 27. Ng3 Bb6 28. Rf3 Ra1+ 29. Kh2 Ra2 30. b4 Bd4 31. Kh3 Be5 32. Re3 Bf4 33. Re8 Ra3 34. Bf3 Rb3 35. Ra8 Bxg3 36. fxg3 Rxb4 37. c5 Ra4 38. Bxc6 Bf5+ 39. Kh2 Ra5 40. Bf3 Rxc5 41. Bxh5 Be4 42. Rxa7 Rxh5 43. Rxc7 Ra5 44. Rc4 f5 45. g4 Ra2 46. gxf5 Rxg2+ 47. Kh3 Re2 48. Rc5 Rf2 49. Re5 Bxf5+ 50. Kg3 Kf6 51. Ra5 Rb2 52. Ra4 Rb1 53. Kf4 Rg1 54. Ra6+ Be6 55. h5 Rg4+ 56. Kf3 Rh4 57. Ra5 Bf5 58. Ra6+ Kg5 59. Ra7 f6 60. Rg7+ Kxh5 61. Rg8 Ra4 62. Rg7 Bg6 63. Kg3 Kg5 0-1

[Event "Belgrade-ch"]
[Site "Belgrade"]
[Date "2010.01.31"]
[Round "9"]
[White "Vracevic, Goran"]
[Black "Danojlic, Petar"]
[Result "0-1"]
[WhiteElo "1689"]
[BlackElo "1867"]
[PlyCount "38"]
[EventDate "2010.01.23"]
[EventType "swiss"]
[EventRounds "9"]
[EventCountry "YUG"]
[SourceTitle "CBM 134 Extra"]
[Source "ChessBase"]
[SourceDate "2010.03.03"]
[SourceVersion "1"]
[SourceVersionDate "2010.03.03"]
[SourceQuality "1"]

1. e4 e5 2. Nf3 Nc6 3. Bc4 Nf6 4. Ng5 d5 5. exd5 Nd4 6. d6 Qxd6 7. Nxf7 Qc6 8. Nxh8 Qxg2 9. Bf7+ Kd8 10. Bd5 Nxd5 11. Nf7+ Ke7 12. Rf1 Bg4 13. f3 Bxf3 14. Rf2 Qxf2+ 15. Kxf2 Bxd1 16. Nxe5 Nxc2 17. Nc3 Nxc3 18. bxc3 Nxa1 19. Ba3+ Ke6 0-1

[Event "Belgrade-ch"]
[Site "Belgrade"]
[Date "2010.01.23"]
[Round "1"]
[White "Vracevic, Goran"]
[Black "Tasic, Zoran T"]
[Result "0-1"]
[WhiteElo "1689"]
[BlackElo "2192"]
[PlyCount "56"]
[EventDate "2010.01.23"]
[EventType "swiss"]
[EventRounds "9"]
[EventCountry "YUG"]
[SourceTitle "CBM 134 Extra"]
[Source "ChessBase"]
[SourceDate "2010.03.03"]
[SourceVersion "1"]
[SourceVersionDate "2010.03.03"]
[SourceQuality "1"]

1. e4 e6 2. Nf3 d5 3. exd5 exd5 4. d4 Nc6 5. h3 Bf5 6. Bd3 Qe7+ 7. Be3 Bxd3 8. Qxd3 f6 9. c3 g5 10. Qb5 0-0-0 11. Nbd2 f5 12. Nb3 a6 13. Qe2 Re8 14. Nc1 f4 15. Bxf4 gxf4 16. Qxe7 Rxe7+ 17. Kd2 Nf6 18. Nd3 Ne4+ 19. Kc2 Nxf2 20. Rhf1 Re2+ 21. Nd2 Ne4 22. Rad1 Rxg2 23. Nxf4 Rxd2+ 24. Rxd2 Nxd2 25. Kxd2 Bh6 26. Ke3 Re8+ 27. Kd3 Rf8 28. Ke3 Ne7 0-1